Mystery Taylor Swift Song #61 - Statistics

General Stats
  • This quiz has been taken 423 times
  • The average score is 102 of 140
Answer Stats
Song % Correct
I
96%
love
93%
the
93%
a
92%
you
91%
an
89%
can
89%
read
89%
and
88%
He
88%
he
88%
your
88%
it
87%
me
87%
my
87%
so
86%
do
85%
for
85%
in
85%
The Tortured Poets Department
85%
when
85%
am
84%
I'm
84%
like
84%
was
84%
But
83%
of
83%
said
83%
that
83%
with
83%
all
82%
heart
82%
it's
82%
time
82%
you're
82%
broken
81%
his
81%
life
81%
mind
81%
They
81%
as
80%
'Cause
80%
her
80%
too
80%
day
79%
even
79%
every
79%
him
79%
know
79%
(one
79%
real
79%
did
78%
down
78%
having
78%
hit
78%
"More!"
78%
She's
78%
short
78%
birthday
77%
chanting
77%
crowd
77%
fake
77%
floor
77%
handle
77%
he'd
77%
kid
77%
lights
77%
make
77%
shit
77%
smile
77%
'til
77%
act
76%
tough
76%
art
75%
bitch
75%
camera
75%
depressed
75%
die
75%
wanna
75%
avoids
74%
Breaking
74%
cry
74%
good
74%
gotta
74%
I Can Do It With a Broken Heart
74%
productive
74%
plague
73%
two
73%
hitting
72%
lot
72%
pieces
72%
three
72%
Babe
71%
been
71%
four)
71%
obsessed
71%
this
71%
winning
71%
I've
70%
marks
70%
shattered
70%
There
70%
grinning
69%
doing
66%
left
65%
night
65%
since
65%
Try
65%
knows
64%
show
64%
come
63%
job
62%
glittering
61%
quite
61%
breath
60%
hold
60%
miserable
60%
nobody
60%
off
59%
pass
55%
test
54%
thing
54%
lies
53%
miles
53%
prime
53%
didn't
52%
sure
51%
stilettos
48%
keep
47%
whole
47%
evidence
46%
finding
46%
imagine
46%
things
46%
Crucial
45%
drawers
45%
stars
45%
silhouette
43%
refract
34%
sequined
25%
No matching quizzes found
Score Distribution
Percent of People with Each Score
Percentile by Number Answered
Your Score History
You have not taken this quiz